000 00944nam a2200301Ia 4500
001 1235
005 20251215162317.0
008 121119s2002 sp gr 000 f spa
020 _a8495359537
020 _a9788495359537
040 _aCO-BoRNBP
_bspa
_erda
_cCO-BoRNBP
041 1 _aspa
084 _aN KER2
100 1 _aKertesz, Imre
_d1929-
_968037
245 1 0 _aSin destino
_cImre Kertesz ; traducción de Judith Xantus
250 _aSegunda edición
264 _aBarcelona
_bAcantilado
_c2002
300 _a263 páginas
_c21 cm
336 _atexto
_btxt
_2rdacontent
337 _asin mediación
_bn
_2rdamedia
338 _avolumen
_bnc
_2rdacarrier
490 0 _aNarrativa del acantilado
650 1 4 _a Literatura húngara
_ySiglo XX
_2LEMB
_968038
650 1 4 _aNovela húngara
_ySiglo XX
_2LEMB
_968039
650 1 4 _a Adolescentes en la literatura
_2LEMB
_9483
700 1 _aXantus, Judith
_etraductor
_968040
942 _2loc
_cBKLIT
999 _c1235
_d1235